| 000 | 00435cam a2200181ua 4500 | ||
|---|---|---|---|
| 001 | 1571 | ||
| 008 | 110712n xxu |||gr||||Z||||||eng | ||
| 040 | _cMAIN | ||
| 082 | _a330.01 | ||
| 100 | 1 |
_aHicks, J. R., _eAuthor. |
|
| 245 | 1 |
_aSocial framework _cby J. R. Hicks |
|
| 250 | _a3rd. | ||
| 260 |
_aNew York: _bOxford university press ,966. |
||
| 300 | _a272p:9cm. | ||
| 653 | _aEconomics | ||
| 653 | _asocial framework | ||
| 942 | _cBK | ||
| 999 |
_c1458 _d1458 |
||